When a man's single : a tale of literary life /

Bibliographic Details
Main Author: Barrie, J. M. (James Matthew), 1860-1937
Format: Book
Language:English
Published: New York : Scribner', 1925.
Series:Barrie, J. M. (James Matthew), 1860-1937. Works of J. M. Barrie.

MARC

Tag First Indicator Second Indicator Subfields
LEADER 00000cam a2200000 i 4500
001 in00000723313
005 20161103123546.0
008 781227t19251896nyuaf 000 1 eng d
035 |a (OCoLC)04507642 
035 |9 ADD1913AM 
040 |a SOI  |c SOI  |d TXA  |d UtOrBLW 
049 |a TXAM  |c [957716] 
090 |a PR4074  |b .W4  |b W54 1925 
050 4 |a PR4074  |b .W4 
100 1 |a Barrie, J. M.  |q (James Matthew),  |d 1860-1937. 
245 1 0 |a When a man's single :  |b a tale of literary life /  |c by J. M. Barrie. 
264 1 |a New York :  |b Scribner',  |c 1925. 
264 4 |c ©1896 
300 |a viii, 308 pages, 1 unnumbered leaf of plates :  |b illustrations ;  |c 19 cm. 
336 |a text  |b txt  |2 rdacontent 
337 |a unmediated  |b n  |2 rdamedia 
338 |a volume  |b nc  |2 rdacarrier 
490 1 |a The Works of J. M. Barrie 
800 1 |a Barrie, J. M. (James Matthew),  |d 1860-1937.  |t Works of J. M. Barrie. 
999 |a MARS 
999 f f |s 3df39de2-a3c4-3766-8872-da59b08bcf31  |i 275ed900-6757-3bd1-9447-00286bbf4c94  |t 0 
952 f f |p ric  |a Texas A&M University  |b Rellis Campus  |c Joint Library Facility  |d Remote Storage  |t 0  |e PR4074 .W4 W54 1925  |h Library of Congress classification  |i unmediated -- volume  |m A14804199298 
998 f f |a PR4074 .W4 W54 1925  |t 0  |l Remote Storage